000 00621nam a2200205Ia 4500
005 20250508160908.0
008 008 250505s9999 xx 000 0 eng d
020 _a0-485-11151-9
037 _aTextual
040 _aFEDL
_beng
_cFEDL
041 _aeng
_2eng
084 _a370.1, BRE
_qFEDL
100 _aBrennan E. J. T. Ed.
_9277618
245 0 _aEducation for national efficiency : The contribution of Sidney and beatrice webb
260 _aLondon, UK
_bThe Athlone Press
_c1975
300 _a208p.
650 _aEducation - Philosophy
942 _cTEXL
_h370.1, BRE
999 _c1367245
_d1367245